Mission Mandate (Record no. 10890)
[ view plain ]
| 000 -LEADER | |
|---|---|
| fixed length control field | 00483nam a22001697a 4500 |
| 003 - CONTROL NUMBER IDENTIFIER | |
| control field | OSt |
| 005 - DATE AND TIME OF LATEST TRANSACTION | |
| control field | 20220705122730.0 |
| 008 - FIXED-LENGTH DATA ELEMENTS--GENERAL INFORMATION | |
| fixed length control field | 220705b |||||||| |||| 00| 0 eng d |
| 040 ## - CATALOGING SOURCE | |
| Transcribing agency | DDC |
| 050 ## - LIBRARY OF CONGRESS CALL NUMBER | |
| Classification number | 266 |
| Item number | SA245M |
| 082 ## - DEWEY DECIMAL CLASSIFICATION NUMBER | |
| Classification number | 266 |
| Item number | SA245M |
| 100 ## - MAIN ENTRY--PERSONAL NAME | |
| Personal name | Sargunam, M. Ezra |
| 245 ## - TITLE STATEMENT | |
| Title | Mission Mandate |
| Remainder of title | A Compendium on the perspective of missions in India |
| Statement of responsibility, etc. | Sargunam, M.Ezra |
| 260 ## - PUBLICATION, DISTRIBUTION, ETC. | |
| Place of publication, distribution, etc. | Kilpauk, Madras |
| Name of publisher, distributor, etc. | Mission India 2000 |
| Date of publication, distribution, etc. | C1992 |
| 300 ## - PHYSICAL DESCRIPTION | |
| Extent | 728p.: |
| Other physical details | ill:map: |
| 942 ## - ADDED ENTRY ELEMENTS (KOHA) | |
| Source of classification or shelving scheme | Dewey Decimal Classification |
| Koha item type | Books |
| Withdrawn status | Lost status | Source of classification or shelving scheme | Damaged status | Not for loan | Collection code | Home library | Current library | Shelving location | Date acquired | Total Checkouts | Full call number | Barcode | Date last seen | Price effective from | Koha item type |
|---|---|---|---|---|---|---|---|---|---|---|---|---|---|---|---|
| Dewey Decimal Classification | Non-fiction | Harvest Mission College | Harvest Mission College | General Stacks | 06.07.2022 | 266 SA245M | 012744 | 06.07.2022 | 06.07.2022 | Books |
